| Поле | Название | Значение |
| |
Тип записи |
a |
| |
Библиографический уровень |
m |
| 001 |
Контрольный номер |
RU/IS/BASE/361466306 |
| 005 |
Дата корректировки |
20210806165458.4 |
| 010 |
Индекс ISBN |
__ |
| a |
ISBN |
978-5-222-17789-1 |
| d |
Цена |
318-45; 106-04 |
| 100 |
Данные общей обработки |
__ |
| a |
Данные общей обработки |
19101018d2011 |||y0rusy0189 ca |
| 101 |
Язык документа |
0_ |
| a |
Язык текста |
rus |
| 102 |
Страна публикации |
__ |
| a |
Страна публикации |
RU |
| 105 |
Кодированные данные (монография) |
__ |
| a |
Кодированные данные (монография) |
y zzzz000zy |
| 200 |
Заглавие и сведения об ответственности |
0_ |
| a |
Заглавие |
Игротерапия и сказкотерапия: развиваемся играя |
| f |
Первые сведения об ответственности |
О. Н. Капшук |
| b |
Общее обозначение материала |
Текст |
| 205 |
Сведения об издании |
__ |
| a |
Основные сведения об издании |
Изд. 2-е |
| 210 |
Выходные данные |
1_ |
| a |
Место издания |
Ростов н/Д |
| c |
Издательство |
Феникс |
| d |
Дата издания |
2011 |
| 215 |
Физическое описание |
__ |
| a |
Объем |
221, [1] с. |
| d |
Формат |
21 см |
| 225 |
Серия |
2_ |
| a |
Серия |
Школа развития |
| 300 |
Общие примечания |
__ |
| a |
Общие примечания |
Факт. дата выхода в свет: 2010 |
| 320 |
Библиография |
__ |
| a |
Библиография |
Библиогр.: с. 200-205 |
| 330 |
Аннотация |
__ |
| a |
Аннотация |
Сказки и игры служат великолепной подмогой и для родителей, воспитателей, педагогов и психологов в деле воспитания и обучения детей. |
| 606 |
Тематические рубрики |
__ |
| a |
Основная рубрика |
Психология |
| 606 |
Тематические рубрики |
__ |
| a |
Основная рубрика |
Детская психология |
| 606 |
Тематические рубрики |
__ |
| a |
Основная рубрика |
Образование. Педагогика |
| 606 |
Тематические рубрики |
__ |
| a |
Основная рубрика |
Дошкольная педагогика |
| 610 |
Ключевые слова |
0_ |
| a |
Ключевые слова |
сказкотерапия; игротерапия; развитие детей; детские игры; библиотерапия; психотерапевтические сказки; психокоррекционные сказки; развитие ребенка; лечебная игротерапия; логопедические игры; заикание; игровые упражнения; куклотерапия; арт-терапия; детские страхи; подвижные игры; дидактические сказки |
| 686 |
Индексы других классификаций |
__ |
| a |
Классификационный индекс |
88.8 |
| 686 |
Индексы других классификаций |
__ |
| a |
Классификационный индекс |
74.100.58; В88 + В74.1 |
| 700 |
Автор |
_1 |
| a |
Фамилия |
Капшук |
| b |
Имя |
О. Н. |
| g |
Полное личное имя |
Ольга Николаевна |
| 4 |
Код отношения |
070 |
| 801 |
Источник записи |
_0 |
| a |
Страна |
RU |
| b |
Организация |
Муниципальное бюджетное учреждение культуры "Централизованная библиотечная система" г. Сургут (Центральная городская библиотека им. А. С. Пушкина) |
| c |
Дата составления |
20101018 |
| g |
Правила каталогизации |
КИК/Елгина; КиК/Поспелова |
| 801 |
Источник записи |
_1 |
| a |
Страна |
RU |
| b |
Организация |
Муниципальное бюджетное учреждение культуры "Централизованная библиотечная система" г. Сургут (Центральная городская библиотека им. А. С. Пушкина) |
| c |
Дата составления |
20101018 |
| g |
Правила каталогизации |
КИК/Елгина; КиК/Поспелова |
| 852 |
Данные о местонахождении |
__ |
| j |
Шифр хранения |
88.8 |
| i |
Авторский знак |
К 20 |
| 901 |
Тип документа |
__ |
| t |
Тип документа |
m |
| 903 |
Характеристики (МАРС) |
__ |
| a |
Дата передачи |
20111201; 20110615 |
| 990 |
Данные о заказе (DOS) |
__ |
| j |
Количество экземпляров (DOS) |
2; 1 |
| t |
N записи в КСУ для И/У (DOS) |
201201; 201107 |